Hazbin Hotel - Gravity Lyrics - Statistics

General Stats
  • This quiz has been taken 298 times
  • The average score is 110 of 239
Answer Stats
Answer % Correct
does
98%
know
98%
no
98%
one
98%
dealin
97%
with
97%
who
96%
and
94%
forget
93%
forgive
92%
go
92%
let
92%
think
92%
it
91%
they're
91%
the
90%
i'll
89%
in
89%
me
89%
rage
89%
no
65%
terminal
64%
remedy
63%
burn
62%
yeah
61%
all
60%
is
60%
there's
60%
to
60%
yeah
60%
but
59%
'em
59%
i
58%
incomplete
58%
making
58%
mission's
58%
my
58%
peace
58%
the
58%
yeah
58%
a
57%
comin
57%
day
57%
do
57%
for
57%
for
57%
has
57%
job
57%
only
57%
pay
57%
princess
57%
she
57%
the
57%
to
57%
to
57%
what
57%
what
57%
a
56%
away
56%
can
56%
clouds
56%
consider
56%
could
56%
did
56%
got
56%
i
56%
no
56%
see
56%
she
56%
still
56%
storm's
56%
that
56%
took
56%
traitor
56%
down
55%
fall
55%
gonna
55%
gonna
55%
gravity
55%
is
55%
like
55%
now
55%
save
55%
you
55%
an
54%
gravity
54%
hard
54%
rain
54%
a
53%
and
53%
eye
53%
eye
53%
for
53%
like
53%
me
52%
you
52%
blood
51%
debt
51%
get
51%
hands
51%
my
51%
owe
51%
says
51%
wet
51%
gonna
49%
gravity
48%
like
48%
blood
47%
demands
47%
the
47%
can
45%
comin
45%
flood's
45%
tragedy
45%
you
45%
bet
44%
great
44%
hell's
44%
now
44%
on
44%
runnin's
44%
think
44%
you
44%
you're
44%
the
42%
i
41%
when
41%
will
41%
return
40%
savior
40%
the
40%
you
40%
still
39%
take
39%
favor
38%
make
38%
one
38%
you
38%
bleed
37%
need
37%
watch
37%
you
36%
and
35%
completed
35%
'em
35%
ever
35%
her
35%
needed
35%
only
35%
the
35%
you
35%
you
35%
how
34%
save
34%
soul
34%
there
34%
understand
34%
were
34%
who's
34%
wishin
34%
you
34%
you
34%
a
33%
couldn't
33%
do
33%
heated
33%
i
33%
is
33%
maybe
33%
need
33%
they
33%
this
33%
to
33%
too
33%
what
33%
when
33%
you
33%
break
32%
can
32%
comin
32%
get
32%
i
32%
little
32%
see
32%
storm's
32%
the
32%
then
32%
why
32%
you'll
32%
clouds
31%
no
31%
thinkin
31%
will
31%
and
30%
gonna
30%
gonna
30%
hard
30%
is
30%
now
30%
rain
30%
save
30%
you
30%
down
29%
fall
29%
like
29%
gravity
28%
an
27%
gravity
27%
a
26%
debt
26%
eye
26%
eye
26%
for
26%
like
26%
me
26%
owe
26%
runnin's
26%
you
26%
says
25%
get
22%
hands
22%
my/your
22%
wet
22%
blood
20%
blood
20%
demands
20%
gonna
20%
the
20%
bet
19%
can
19%
comin
19%
flood's
19%
gravity
19%
like
19%
now
19%
on
19%
tragedy
19%
you
19%
yeah
17%
No matching quizzes found
Score Distribution
Percent of People with Each Score
Percentile by Number Answered
Your Score History
You have not taken this quiz